[Event "DSenMMdL 2018 65+"]
[Site "Templin"]
[Date "2018.09.12"]
[Round "3.1"]
[White "Frick, Christoph"]
[Black "Nekrasov, Mihail"]
[Result "1/2-1/2"]
[BlackElo "2303"]
[BlackTeam "Baden 1"]
[Board "1"]
[WhiteElo "2210"]
[WhiteTeam "Württemberg"]

1. e4 c5 2. Nc3 e6 3. g3 d5 4. d3 dxe4 5. Nxe4 Nc6 6. Bg2 Be7 7. Nf3 Nf6 8. Qe2
Nd4 9. Nxd4 cxd4 10. O-O $155 O-O 11. c4 dxc3 12. bxc3 Qc7 13. c4 Bd7 14. Bb2
Bc6 15. Nxf6+ Bxf6 16. Bxf6 gxf6 17. Qg4+ Kh8 18. Qh4 Kg7 19. Qg4+ Kh8  1/2-1/2

[Event "DSenMMdL 2018 65+"]
[Site "Templin"]
[Date "2018.09.12"]
[Round "3.2"]
[White "Kiefer, Gerhard"]
[Black "Gabriel, Josef"]
[Result "1-0"]
[BlackElo "2124"]
[BlackTeam "Württemberg"]
[Board "2"]
[WhiteElo "2287"]
[WhiteTeam "Baden 1"]

1. e4 g6 2. d4 Bg7 3. Nf3 d6 4. Bc4 e6 5. Bb3 Nf6 6. Qe2 O-O $155 7. O-O $155
Nc6 8. c3 e5 9. dxe5 dxe5 10. Na3 Qe7 11. Bg5 Bg4 12. h3 Bxf3 13. Qxf3 Nd8 14.
Nc4 Ne6 15. Bxf6 Bxf6 16. Ne3 c6 17. Bxe6 Qxe6 18. Qg4 Qxg4 19. hxg4 Rfd8 20.
Rfd1 Be7 21. Kf1 Kf8 22. Ke2 Ke8 23. Rxd8+ Rxd8 24. Rh1 Kd7 25. Rxh7 Ke6 26.
Rh1 b5 27. g3 Bg5 28. Rd1 Rh8 29. Ng2 Rh2 30. Ne1 Be7 31. Nf3 Rh8 32. Rc1 Rb8
33. b3 Rb6 34. c4 Ra6 35. Rc2 bxc4 36. bxc4 Ra3 37. Ne1 Bc5 38. Nd3 Bd4 39. c5
Ra5 40. g5 Ra4 41. Nc1 f5 42. gxf6 Kxf6 43. Nb3 g5 44. f3 Ra3 45. f4 g4 46. Rd2
Ke7 47. Nxd4 exd4 48. Rxd4 Rxa2+ 49. Rd2 Ra5 50. Ke3 Rxc5 51. f5 a5 52. Ra2 Kf6
53. Kf4 Re5 54. Ra4 Rb5 55. Rc4 Rb6 56. e5+ Ke7 57. Kg5 Ra6 58. Ra4 c5 59. e6
Ra8 60. Kxg4 Kf6 61. Kf4 Rb8 62. g4 Rb4+ 63. Rxb4 cxb4 64. g5+ Ke7 65. Ke5 b3
66. f6+ Kd8 67. Kd6 Ke8 68. g6  1-0

[Event "DSenMMdL 2018 65+"]
[Site "Templin"]
[Date "2018.09.12"]
[Round "3.3"]
[White "Wolf, Walter"]
[Black "Herbrechtsmeier, Christof"]
[Result "1/2-1/2"]
[BlackElo "2275"]
[BlackTeam "Baden 1"]
[Board "3"]
[WhiteElo "2100"]
[WhiteTeam "Württemberg"]

1. e4 c5 2. Nc3 Nc6 3. g3 g6 4. Bg2 Bg7 5. d3 d6 6. Be3 Qa5 7. Ne2 Nd4 8. O-O
$155 Nxe2+ 9. Qxe2 Nf6 10. h3 O-O $155 11. f4 Bd7 12. Qf2 Bc6 13. e5 Nd7 14.
Bxc6 bxc6 15. exd6 exd6 16. Ne4 Qc7 17. c3 f5 18. Ng5 Rfe8 19. d4  1/2-1/2

[Event "DSenMMdL 2018 65+"]
[Site "Templin"]
[Date "2018.09.12"]
[Round "3.4"]
[White "Werner, Clemens"]
[Black "Gerstenberger, Heinz"]
[Result "0-1"]
[BlackElo "2113"]
[BlackTeam "Württemberg"]
[Board "4"]
[WhiteElo "2263"]
[WhiteTeam "Baden 1"]

1. e4 c5 2. Nf3 a6 3. c3 d5 4. exd5 Qxd5 5. d4 Nf6 6. Be2 e6 7. O-O $155 Nbd7 8.
Re1 cxd4 9. Nxd4 Be7 10. c4 Qd6 11. b3 Qc7 12. Bb2 O-O $155 13. Nd2 Rd8 14. Qc2
Nf8 15. Rad1 Bd7 16. Bf3 Bd6 17. g3 Rac8 18. Ne4 Nxe4 19. Qxe4 Bb4 20. Rf1 b6
21. Qb7 a5 22. Qxc7 Rxc7 23. Nb5 Rcc8 24. Na7 Rc7 25. Nb5 Rcc8 26. Nd6 Rc7 27.
Ne8 Rxe8  0-1

[Event "DSenMMdL 2018 65+"]
[Site "Templin"]
[Date "2018.09.12"]
[Round "3.1"]
[White "Rotstein, Jefim"]
[Black "Kornrumpf, Joachim, Prof. Dr."]
[Result "1-0"]
[BlackElo "2022"]
[BlackTeam "Schleswig-Holstein 2"]
[Board "1"]
[WhiteElo "2315"]
[WhiteTeam "Nordrhein-Westfalen"]

1. Nf3 c5 2. c4 e6 3. Nc3 Nf6 4. g3 b6 5. Bg2 Bb7 6. O-O $155 Be7 7. Re1 a6 8.
e4 d6 9. d4 cxd4 10. Nxd4 Qc7 11. Be3 Nbd7 12. Rc1 O-O $155 13. f4 Rfe8 14. Bf2
g6 15. g4 h5 16. g5 Ng4 17. Nd5 Qd8 18. Nxe7+ Qxe7 19. Bh4 e5 20. h3 Ne3 21.
Rxe3 exd4 22. Qxd4 Nc5 23. Bg3 Rad8 24. b4 Nd7 25. Rd1 b5 26. cxb5 d5 27. bxa6
Bxa6 28. e5 Bc4 29. a3 Nf8 30. Ree1 Ne6 31. Qf2 Ng7 32. Qb2 Qa7+ 33. Bf2 Qa4
34. Rd2 Ne6 35. Bg3 Rd7 36. h4 Red8 37. Bh3 d4 38. f5 gxf5 39. Bxf5 Ra7 40. Rc1
Bd5 41. Rd3 Qb5 42. Qd2 Bc4 43. Rf3 d3 44. Bf2 Nd4 45. Bxd4 Rxd4 46. Qe3 Qd5
47. g6 fxg6 48. Be6+ Qxe6 49. Qxd4 d2 50. Qxd2 Qg4+ 51. Qg2 Qxh4 52. Rd1 Be6
53. Rf6 Bg4 54. Rd8+ Kg7 55. Qf2 Qxf2+ 56. Kxf2 Rxa3 57. b5 h4 58. Rf4 Ra2+ 59.
Ke3 Re2+ 60. Kd3 Rg2 61. b6 Bf5+ 62. Rxf5  1-0

[Event "DSenMMdL 2018 65+"]
[Site "Templin"]
[Date "2018.09.12"]
[Round "3.2"]
[White "Dittmann, Hans-Adolf"]
[Black "Khanukov, Boris"]
[Result "1-0"]
[BlackElo "2275"]
[BlackTeam "Nordrhein-Westfalen"]
[Board "2"]
[WhiteElo "2042"]
[WhiteTeam "Schleswig-Holstein 2"]

1. e4 c5 2. Nf3 Nc6 3. d4 cxd4 4. Nxd4 g6 5. Nc3 Bg7 6. Be3 Nf6 7. Bc4 O-O $155
8. Bb3 d6 9. f3 Bd7 10. Qd2 Nxd4 11. Bxd4 Bc6 12. O-O-O Qa5 13. g4 Rfc8 14. h4
h5 15. gxh5 Qxh5 16. Rhg1 Kf8 17. Qf2 a6 18. Rg5 Qh8 19. e5 dxe5 20. Rxe5 Ng8
21. Re4 Bxe4 22. fxe4 Nh6 23. Be3 Bxc3 24. bxc3 Qg7 25. Qf4 Ng8 26. Rf1 f6 27.
e5 Rxc3 28. Bd4 Rxb3 29. axb3 Qh6 30. exf6 Qxf4+ 31. Rxf4 Rc8 32. fxe7+ Kxe7
33. Kd2 Nh6 34. Kd3 Rc6 35. c3 Nf5 36. b4 Ke6 37. Bc5 Rc7 38. Rc4 Kf7 39. Rf4
Rd7+ 40. Ke4 Ke6 41. Bd4 Rh7 42. Bf2 Rc7 43. Bd4 Rh7 44. Bf2 b5 45. Rg4 Kf7 46.
Kd5 Rh8 47. Rf4 Rd8+ 48. Kc6 Rd6+ 49. Kb7 Rf6 50. Ka7 Rc6 51. h5 Kg7 52. Rg4
Ne7 53. Bc5 Kf7 54. Bxe7 gxh5 55. Re4 Rc7+ 56. Kxa6 Rxe7 57. Rf4+ Kg6 58. Kxb5
Kg5 59. Rf1 Rb7+ 60. Ka6 Rc7 61. Rc1 h4 62. c4 h3 63. c5 Kf4 64. c6 h2 65. Kb6
Rh7 66. c7 Rh8 67. Kb7  1-0

[Event "DSenMMdL 2018 65+"]
[Site "Templin"]
[Date "2018.09.12"]
[Round "3.3"]
[White "Hassenrück, Helmut"]
[Black "Gehrmann, Rudolf-Rainer"]
[Result "1-0"]
[BlackElo "2076"]
[BlackTeam "Schleswig-Holstein 2"]
[Board "3"]
[WhiteElo "2194"]
[WhiteTeam "Nordrhein-Westfalen"]

1. d4 Nf6 2. Nf3 g6 3. c4 Bg7 4. Nc3 O-O $155 5. e4 d6 6. Be2 Nbd7 7. O-O $155
e5 8. Be3 exd4 9. Nxd4 Nc5 10. f3 Ne6 11. Nc2 Bd7 12. Qd2 a6 13. Rad1 b5 14. c5
Ne8 15. b4 dxc5 16. bxc5 c6 17. Nb1 Ra7 18. Kh1 Qe7 19. Qe1 Nf6 20. Nd2 Rd8 21.
Nb3 Be8 22. Rxd8 Qxd8 23. Qa5 Qxa5 24. Nxa5 Bf8 25. Nb4 Bxc5 26. Bxc5 Nxc5 27.
Nbxc6 Rc7 28. Nb4 Na4 29. Kg1 Nc3 30. Bd3 Rd7 31. Rf2 Nxa2 32. Rxa2  1-0

[Event "DSenMMdL 2018 65+"]
[Site "Templin"]
[Date "2018.09.12"]
[Round "3.4"]
[White "Kracht, Helmut"]
[Black "Haselhorst, Helmut"]
[Result "0-1"]
[BlackElo "2148"]
[BlackTeam "Nordrhein-Westfalen"]
[Board "4"]
[WhiteElo "2010"]
[WhiteTeam "Schleswig-Holstein 2"]

1. e4 c6 2. Nc3 d5 3. exd5 cxd5 4. d4 Nc6 5. Nf3 Bg4 6. Be3 e6 7. Bd3 Bd6 8. h3
Bh5 9. g4 Bg6 10. Bb5 Ne7 11. h4 h6 12. h5 Bh7 13. a3 a6 14. Bd3 Bxd3 15. Qxd3
Qc7 16. b4 Rc8 17. Na4 e5 18. dxe5 Nxe5 19. Nxe5 Bxe5 20. Bd4 O-O $155 21. Nc5
Nc6 22. c3 Rfe8 23. O-O $155 Bxd4 24. cxd4 Qf4 25. Qg3 Qxg3+ 26. fxg3 Nxd4 27.
Rad1 Nc2 28. Rf3 Ne3 29. Rd3 Nxg4 30. Rf4 Nf6 31. g4 Rc7 32. Kg2 a5 33. Kg3
axb4 34. axb4 b6 35. Na4 Re6 36. Nc3 Rxc3 37. Rxc3 Ne4+ 38. Rxe4 dxe4 39. Re3
Kf8 40. Kf4 Ke7 41. Rxe4 Rxe4+ 42. Kxe4 Kd6 43. Kd4 Kc6 44. Kc4 b5+ 45. Kd4 Kd6
46. Ke4 Ke6 47. Kd4 g6  0-1

[Event "DSenMMdL 2018 65+"]
[Site "Templin"]
[Date "2018.09.12"]
[Round "3.1"]
[White "Witte, Manfred"]
[Black "Kaiser, Gerhard"]
[Result "1-0"]
[BlackElo "2172"]
[BlackTeam "Niedersachsen"]
[Board "1"]
[WhiteElo "2127"]
[WhiteTeam "Berlin"]

1. c4 e5 2. g3 Nf6 3. Bg2 h6 4. Nc3 Bb4 5. e4 Bxc3 6. dxc3 d6 7. Qd3 O-O $155 8.
Nf3 b6 $155 9. O-O $155 Bb7 10. Nh4 Nc6 11. Nf5 Ne7 12. Ne3 a5 13. Nd5 Nd7 14.
Be3 Nxd5 15. cxd5 Ba6 16. c4 Nc5 17. Qc2 Bc8 18. b3 Bg4 19. f3 Bd7 20. a3 Qe7
21. b4 axb4 22. axb4 Nb7 23. Qc3 Rfb8 24. Ra3 f6 25. Rfa1 Qf8 26. h4 Qc8 27.
Kh2 Nd8 28. c5 Rxa3 29. Rxa3 bxc5 30. bxc5 Ra8 31. cxd6 cxd6 32. Qxc8 Rxc8 33.
Ra7 Bb5 34. Bh3 Rb8 35. Bc1 Nb7 36. Be6+ Kf8 37. Ba3 Ke7 38. Bb4 Kd8 39. h5 Be8
40. Bg4 Bd7 41. Bxd6 Bxg4 42. Bxb8 Bc8 43. f4 Ke7  1-0

[Event "DSenMMdL 2018 65+"]
[Site "Templin"]
[Date "2018.09.12"]
[Round "3.3"]
[White "Sprotte, Norbert"]
[Black "Clemens, Christian, Dr."]
[Result "1/2-1/2"]
[BlackElo "2239"]
[BlackTeam "Niedersachsen"]
[Board "3"]
[WhiteElo "2165"]
[WhiteTeam "Berlin"]

1. d4 f5 2. g3 Nf6 3. Bg2 e6 4. Nf3 d5 5. O-O $155 Bd6 6. c4 c6 7. b3 Qe7 8. Ne5
Nbd7 9. Bb2 O-O $155 10. Nd2 Ne4 11. Nxe4 fxe4 12. f4 exf3 13. exf3 Nxe5 14.
dxe5 Bc5+ 15. Kh1 Bd7  1/2-1/2

[Event "DSenMMdL 2018 65+"]
[Site "Templin"]
[Date "2018.09.12"]
[Round "3.4"]
[White "Jentsch, Dieter"]
[Black "Glatthor, Thomas"]
[Result "1/2-1/2"]
[BlackElo "2037"]
[BlackTeam "Berlin"]
[Board "4"]
[WhiteElo "2093"]
[WhiteTeam "Niedersachsen"]

1. e4 d6 2. d4 g6 3. Nf3 Bg7 4. Nc3 c6 5. Be2 Nf6 6. O-O $155 O-O $155 7. Bg5 h6
8. Bf4 b5 9. e5 dxe5 10. Nxe5 b4 11. Na4 Be6 12. c4 Nfd7 13. Qb3 Nxe5 14. dxe5
Qa5 15. a3 bxa3 16. Rxa3 Nd7 17. Qe3 g5 18. Bg3 Bxe5 19. f4 Bd6 20. Raa1 Bc5
21. Nxc5 Qxc5 22. Qxc5 Nxc5 23. fxg5 hxg5 24. Bf2 Nb3 25. Ra6 c5 26. Be3 Rfd8
27. Bxg5 Nd4 28. Bd3 f6 29. Be3 Kf7 30. Re1 Bc8 31. Ra3 a5 32. Rea1 Rb8 33. Rd1
Rxb2 34. Rxa5 Bb7 35. Rxc5 Rxg2+ 36. Kf1 Ne6 37. Rh5 Bf3 38. Rh7+ Kg8 39. Rxe7
Rxh2 40. Bh7+ Kf8 41. Rdd7 Rxd7 42. Rxd7 Be2+ 43. Kg1 Rh3 44. Bd2  1/2-1/2

[Event "DSenMMdL 2018 65+"]
[Site "Templin"]
[Date "2018.09.12"]
[Round "3.1"]
[White "Jergler, Karl-Heinz"]
[Black "Buchal, Stephan"]
[Result "0-1"]
[BlackElo "2299"]
[BlackTeam "Bremen"]
[Board "1"]
[WhiteElo "2127"]
[WhiteTeam "Bayern 1"]

1. e4 g6 2. d4 Bg7 3. Nc3 d6 4. Be3 a6 5. Nge2 b5 6. a3 Bb7 7. Qd2 Nd7 8. h3 c5
9. f3 Rc8 10. Rc1 cxd4 11. Bxd4 Ngf6 12. g4 e5 13. Be3 Nb6 14. b3 d5 15. Nxd5
Nfxd5 16. exd5 Nxd5 17. Bf2 Qe7 18. Bg2 O-O $155 19. O-O $155 Rfd8 20. Qe1 Bh6
21. Rd1 Ne3 22. Rxd8+ Qxd8 23. Bxe3 Bxe3+ 24. Kh1 Rxc2 25. Ng3 Qd3 26. Qd1 Rd2
27. Qb1 Bf4 28. Qxd3 Rxd3 29. Ne4 Bxe4 30. fxe4 Rxb3 31. Ra1 a5 32. Bf1 Kg7 33.
h4 Rb2 34. Bg2 Bg3 35. h5 Kh6 36. hxg6 hxg6 37. Rf1 Bf4 38. Rf3 Kg5  0-1

[Event "DSenMMdL 2018 65+"]
[Site "Templin"]
[Date "2018.09.12"]
[Round "3.2"]
[White "Franke, Reiner, Prof. Dr."]
[Black "Urytskyy, Arkadiy"]
[Result "1/2-1/2"]
[BlackElo "2136"]
[BlackTeam "Bayern 1"]
[Board "2"]
[WhiteElo "2244"]
[WhiteTeam "Bremen"]

1. c4 c5 2. Nf3 Nf6 3. d4 cxd4 4. Nxd4 g6 5. Nc3 Bg7 6. e4 d6 7. Be2 O-O $155 8.
Be3 Nc6 9. O-O $155 Bd7 10. Nb3 Rc8 11. c5 dxc5 12. Nxc5 b6 13. Nb3 Be6 14. Ba6
Qxd1 15. Rfxd1 Rcd8 16. Nd4 Nxd4 17. Bxd4 Ng4 18. Bxg7 Kxg7 19. Rac1 Ne5 20.
Nd5 Bxd5 21. exd5 Rd6  1/2-1/2

[Event "DSenMMdL 2018 65+"]
[Site "Templin"]
[Date "2018.09.12"]
[Round "3.3"]
[White "Strobel, Walter"]
[Black "Rust-Lux, Klaus"]
[Result "1-0"]
[BlackElo "2071"]
[BlackTeam "Bremen"]
[Board "3"]
[WhiteElo "2144"]
[WhiteTeam "Bayern 1"]

1. e4 d6 2. d4 Nf6 3. Nc3 g6 4. f4 Bg7 5. Nf3 O-O $155 6. e5 Nfd7 7. h4 c5 8. h5
cxd4 9. hxg6 hxg6 10. Qxd4 Nc6 11. Qf2 Qa5 12. Qh4 Rd8 13. Qh7+ Kf8 14. f5
Ncxe5 15. Bh6 Nxf3+ 16. gxf3 Qe5+ 17. Ne4 Bxh6 18. Qxh6+ Ke8 19. fxg6 Nf6 20.
O-O-O fxg6 21. Bb5+ Qxb5 22. Nxf6+ exf6 23. Qg7  1-0

[Event "DSenMMdL 2018 65+"]
[Site "Templin"]
[Date "2018.09.12"]
[Round "3.4"]
[White "Ohl, Karsten"]
[Black "Oechslein, Rainer"]
[Result "0-1"]
[BlackElo "2214"]
[BlackTeam "Bayern 1"]
[Board "4"]
[WhiteElo "1898"]
[WhiteTeam "Bremen"]

1. e4 c5 2. d4 cxd4 3. Nf3 d6 4. Nxd4 Nf6 5. Nc3 a6 6. Be2 e5 7. Nb3 Be6 8. Be3
Nbd7 9. O-O $155 Be7 10. Qd2 O-O $155 11. Rad1 Qc7 12. f3 Nb6 13. g4 Rac8 14.
Rf2 Rfd8 15. g5 Nh5 16. Nd5 Bxd5 17. exd5 Nc4 18. Bxc4 Qxc4 19. Na5 Qxa2 20. b3
Rd7 21. Nc4 Rxc4 22. bxc4 Qxc4 23. f4 exf4 24. Bxf4 Nxf4 25. Rxf4 Qc5+ 26. Rf2
h6 27. gxh6 Bh4 28. Rf1 Re7 29. Kh1 Bxf2 30. Rxf2 Re5 31. h7+ Kxh7 32. Rxf7 Qc4
33. Rxb7 Qf1#  0-1

[Event "DSenMMdL 2018 65+"]
[Site "Templin"]
[Date "2018.09.12"]
[Round "3.1"]
[White "Sandmeier, Toni"]
[Black "Waschk, Armin"]
[Result "0-1"]
[WhiteElo "2157"]
[BlackElo "2157"]
[PlyCount "70"]
[EventDate "2018.??.??"]
[WhiteTeam "Baden 2"]
[BlackTeam "Mecklenburg-Vorpommern"]

1. c4 e6 2. g3 Nf6 3. Bg2 d5 4. Nf3 d4 5. O-O c5 6. e3 Nc6 7. exd4 cxd4 8. d3
Bd6 9. Na3 Bxa3 10. bxa3 O-O 11. Re1 Qd6 12. a4 e5 13. Qb3 Re8 14. Ng5 Qc7 15.
f4 h6 16. Ne4 Nxe4 17. Bxe4 f6 18. Rb1 Kh8 19. f5 Rb8 20. Qd1 Nd8 21. Qh5 Qf7
22. Qh4 Qf8 23. g4 Nf7 24. Qh5 b6 25. Bd5 Ng5 26. h4 Nh7 27. g5 fxg5 28. hxg5
Bxf5 29. g6 Bxd3 30. gxh7 Bxb1 31. Rf1 Qd6 32. Rf7 Bg6 33. Bxh6 Bxh5 34. Bxg7+
Kxh7 35. Rxa7 Re7 0-1

[Event "DSenMMdL 2018 65+"]
[Site "Templin"]
[Date "2018.09.12"]
[Round "3.2"]
[White "Kliewe, Hans-Jürgen"]
[Black "Müller, Rudolf"]
[Result "0-1"]
[WhiteElo "2131"]
[BlackElo "2093"]
[PlyCount "72"]
[EventDate "2018.??.??"]
[WhiteTeam "Mecklenburg-Vorpommern"]
[BlackTeam "Baden 2"]

1. d4 b6 2. Nf3 e6 3. Bf4 Bb7 4. e3 f5 5. c4 Nf6 6. Nc3 Bb4 7. Qb3 Bxc3+ 8.
Qxc3 O-O 9. Bd3 h6 10. h4 Nh5 11. Be2 Nxf4 12. exf4 c5 13. Rd1 Qf6 14. O-O Be4
15. Qe3 Na6 16. Ne5 cxd4 17. Rxd4 Rfd8 18. Rxd7 Qxh4 19. f3 Rxd7 20. Nxd7 Qg3
21. Qd2 Bb7 22. Qd6 Re8 23. Rd1 h5 24. Ne5 Bc8 25. Nd3 h4 26. Nf2 e5 27. Qd5+
Kh7 28. Qc6 Rf8 29. Qd6 Rf6 30. Qd8 Rg6 31. Bf1 Be6 32. fxe5 h3 33. Nxh3 Qxh3
34. b3 Qg3 35. Qd4 f4 36. Rd2 Bf5 0-1

[Event "DSenMMdL 2018 65+"]
[Site "Templin"]
[Date "2018.09.12"]
[Round "3.3"]
[White "Dekan, Hans"]
[Black "Wiemer, Jürgen"]
[Result "1-0"]
[WhiteElo "2132"]
[BlackElo "2028"]
[PlyCount "69"]
[EventDate "2018.??.??"]
[WhiteTeam "Baden 2"]
[BlackTeam "Mecklenburg-Vorpommern"]

1. e4 e5 2. Nf3 Nc6 3. Bb5 a6 4. Ba4 Nf6 5. Nc3 b5 6. Bb3 Be7 7. O-O d6 8. a4
b4 9. Ne2 Bg4 10. c3 Rb8 11. a5 O-O 12. d3 Qc8 13. Bg5 Nh5 14. Bd5 Bxf3 15.
gxf3 Bxg5 16. Bxc6 Qh3 17. Kh1 Qxf3+ 18. Kg1 Qh3 19. Ng3 Nf4 20. Qf3 bxc3 21.
bxc3 Rb3 22. Bd5 Rxc3 23. Bc4 h5 24. Bxa6 h4 25. Bc4 Rc2 26. Rfe1 hxg3 27. hxg3
Ne6 28. a6 Nd4 29. Qg2 Qxg2+ 30. Kxg2 Rb2 31. Reb1 Rxb1 32. Rxb1 Ra8 33. Rb7
Bd8 34. Kh3 Kf8 35. Kg4 1-0

[Event "DSenMMdL 2018 65+"]
[Site "Templin"]
[Date "2018.09.12"]
[Round "3.4"]
[White "Krüger, Gerhard"]
[Black "Fugmann, Bernd"]
[Result "1/2-1/2"]
[WhiteElo "1967"]
[BlackElo "1969"]
[PlyCount "25"]
[EventDate "2018.??.??"]
[WhiteTeam "Mecklenburg-Vorpommern"]
[BlackTeam "Baden 2"]

1. e4 c5 2. Nf3 e6 3. d4 cxd4 4. Nxd4 Nc6 5. a3 a6 6. Be3 Qc7 7. Be2 Nf6 8. Nc3
b5 9. Qd2 Bb7 10. Rd1 Be7 11. O-O Rc8 12. Nxc6 dxc6 13. Bf4 1/2-1/2

[Event "DSenMMdL 2018 65+"]
[Site "Templin"]
[Date "2018.09.12"]
[Round "3.1"]
[White "Horn, Peter"]
[Black "Bodach, Hans"]
[Result "1/2-1/2"]
[WhiteElo "2085"]
[BlackElo "2165"]
[PlyCount "34"]
[EventDate "2018.??.??"]
[WhiteTeam "Hamburg"]
[BlackTeam "Sachsen"]

1. c4 e5 2. Nc3 d6 3. Nf3 Nf6 4. d4 Nbd7 5. e3 Be7 6. Be2 O-O 7. O-O a5 8. b3
c6 9. Qc2 Re8 10. Rd1 Qc7 11. Ba3 Nf8 12. dxe5 dxe5 13. Bxe7 Qxe7 14. Na4 Bg4
15. h3 Bxf3 16. Bxf3 Rad8 17. c5 e4 1/2-1/2

[Event "DSenMMdL 2018 65+"]
[Site "Templin"]
[Date "2018.09.12"]
[Round "3.2"]
[White "Knaak, Joachim"]
[Black "Engelbert, Christoph"]
[Result "1-0"]
[WhiteElo "2113"]
[BlackElo "2158"]
[PlyCount "85"]
[EventDate "2018.??.??"]
[WhiteTeam "Sachsen"]
[BlackTeam "Hamburg"]

1. d4 g6 2. c4 Bg7 3. Nc3 d6 4. e4 e5 5. Be3 Nc6 6. d5 Nce7 7. g4 f5 8. gxf5
gxf5 9. Qh5+ Ng6 10. exf5 Qh4 11. Qf3 N6e7 12. Bd3 Nh6 13. Qg3 Qxg3 14. hxg3
Nhxf5 15. Bd2 c6 16. Nge2 h6 17. g4 Nd4 18. Nxd4 exd4 19. Ne4 Kd7 20. O-O-O Kc7
21. Kb1 cxd5 22. cxd5 a6 23. Bf4 Nxd5 24. Bxd6+ Kd8 25. Rc1 b5 26. Nc5 Ra7 27.
Be4 Nf6 28. Bf5 Bxf5+ 29. gxf5 Ne8 30. Ne6+ Kd7 31. Bc5 Rb7 32. Nxg7 Nxg7 33.
Bxd4 Rh7 34. f6 Ne6 35. Be5 h5 36. f4 Ke8 37. f5 Nd8 38. a3 h4 39. Rcg1 Rbd7
40. Rg4 h3 41. Rg3 Rd5 42. Bc3 Rxf5 43. Rg8+ 1-0

[Event "DSenMMdL 2018 65+"]
[Site "Templin"]
[Date "2018.09.12"]
[Round "3.3"]
[White "Maahs, Erich"]
[Black "Brauer, Christian"]
[Result "1-0"]
[WhiteElo "2043"]
[BlackElo "2057"]
[PlyCount "85"]
[EventDate "2018.??.??"]
[WhiteTeam "Hamburg"]
[BlackTeam "Sachsen"]

1. d4 d5 2. Nf3 c6 3. Bg5 h6 4. Bf4 Nf6 5. h3 Bf5 6. e3 e6 7. Bd3 Ne4 8. c3 Nd7
9. O-O g5 10. Be5 f6 11. Bh2 h5 12. Bxe4 Bxe4 13. Ne1 Qe7 14. Nd2 Bg6 15. c4
Qh7 16. Rc1 Bb4 17. cxd5 exd5 18. a3 Ba5 19. b4 Bd8 20. Bd6 Be7 21. Bc5 f5 22.
Bxe7 Qxe7 23. Nd3 O-O 24. Nf3 g4 25. Nfe5 Nxe5 26. Nxe5 Be8 27. Kh2 Rd8 28. g3
Rd6 29. h4 Re6 30. Qd2 Kg7 31. Rc3 Qd8 32. Rb1 Bg6 33. Rbc1 Rfe8 34. Kg1 R8e7
35. a4 Be8 36. Qd3 Kf6 37. Rc5 Qb6 38. Qc3 Rd6 39. Qd2 Rde6 40. e4 Rxe5 41.
Qg5+ Ke6 42. dxe5 Kxe5 43. Qxe7+ 1-0

[Event "DSenMMdL 2018 65+"]
[Site "Templin"]
[Date "2018.09.12"]
[Round "3.4"]
[White "Westphal, Norbert"]
[Black "Gerigk, Wolf"]
[Result "1-0"]
[WhiteElo "2034"]
[BlackElo "2019"]
[PlyCount "191"]
[EventDate "2018.??.??"]
[WhiteTeam "Sachsen"]
[BlackTeam "Hamburg"]

1. Nf3 c5 2. b3 d6 3. Bb2 Nf6 4. e3 Nbd7 5. d4 b6 6. d5 Bb7 7. Nc3 g6 8. e4 Bg7
9. Ne2 O-O 10. Ng3 a6 11. a4 Qc7 12. Bc4 Rae8 13. O-O e6 14. dxe6 fxe6 15. Qd3
b5 16. axb5 d5 17. exd5 exd5 18. bxa6 dxc4 19. Qxc4+ Bd5 20. Qh4 Bxf3 21. gxf3
Ne5 22. Bxe5 Qxe5 23. Ra4 Rd8 24. f4 Qd5 25. Re1 Rfe8 26. Rf1 Nd7 27. Qg4 Nb6
28. Ra5 Bc3 29. Rb5 Qc6 30. Rxb6 Qxb6 31. f5 Rd4 32. Qf3 Bd2 33. fxg6 hxg6 34.
a7 Qxa7 35. Qc6 Qf7 36. Qxc5 Red8 37. Ra1 Qd5 38. Qb6 Qd6 39. Qb7 Rb4 40. Qg2
Qd5 41. Qf1 Bc3 42. Ra6 Kg7 43. Ra7+ Kh6 44. Qh3+ Kg5 45. Rh7 Kf6 46. Qh6 Rg8
47. Qe3 Qe5 48. Qa7 Kg5 49. Re7 Qf4 50. Rf7 Qc1+ 51. Kg2 Qe1 52. Re7 Be5 53.
Qc5 Kf6 54. Rxe5 Qxe5 55. Qxb4 Re8 56. Qh4+ Kg7 57. Qc4 Rd8 58. Qa6 Qc5 59.
Qb7+ Kh6 60. Qe4 Rf8 61. f3 Rc8 62. c4 Qb4 63. Qe3+ Kg7 64. Ne4 Ra8 65. Qd4+
Kh6 66. Qe3+ Kg7 67. Nc5 Ra2+ 68. Kh3 Qb8 69. Ne6+ Kf6 70. Nf4 Qc8+ 71. Kg3 Kf7
72. Qd3 Ra6 73. Qd5+ Kf6 74. h4 Qc7 75. c5 Kg7 76. b4 Rf6 77. Qd4 Kf7 78. b5
Rf5 79. Qc4+ Ke8 80. c6 Rf6 81. Qd4 Rf8 82. Qe4+ Kd8 83. Qa4 Qb6 84. Qd4+ Qxd4
85. Ne6+ Kc8 86. Nxd4 Rd8 87. Ne6 Rd5 88. Nf4 Rxb5 89. Nxg6 Kc7 90. Kg4 Kxc6
91. h5 Kd6 92. h6 Rb2 93. f4 Rh2 94. Kg5 Kd7 95. Ne5+ Ke8 96. Kg6 1-0

[Event "DSenMMdL 2018 65+"]
[Site "Templin"]
[Date "2018.09.12"]
[Round "3.1"]
[White "Hanisch, Friedrich"]
[Black "Urban, Hans-Rainer"]
[Result "1/2-1/2"]
[WhiteElo "2095"]
[BlackElo "2109"]
[PlyCount "37"]
[EventDate "2018.??.??"]
[WhiteTeam "Bayern 2"]
[BlackTeam "Brandenburg"]

1. Nf3 d5 2. d4 Nf6 3. e3 g6 4. c4 Bg7 5. Nc3 O-O 6. Bd2 c6 7. Rc1 a6 8. cxd5
cxd5 9. Bd3 Nc6 10. O-O Re8 11. Na4 Bg4 12. Be2 Ne4 13. Nc5 Nxc5 14. Rxc5 Bxf3
15. Bxf3 e6 16. Qb3 Rb8 17. Rfc1 Bf8 18. R5c2 Bd6 19. g3 1/2-1/2

[Event "DSenMMdL 2018 65+"]
[Site "Templin"]
[Date "2018.09.12"]
[Round "3.2"]
[White "Walter, Günter"]
[Black "Greul, Hans"]
[Result "1-0"]
[WhiteElo "2165"]
[BlackElo "2021"]
[PlyCount "59"]
[EventDate "2018.??.??"]
[WhiteTeam "Brandenburg"]
[BlackTeam "Bayern 2"]

1. e4 e6 2. d4 d5 3. Nc3 Nf6 4. e5 Nfd7 5. f4 c5 6. Nf3 Nc6 7. Be3 cxd4 8. Nxd4
Bb4 9. Qd2 Qa5 10. Nb3 Bxc3 11. bxc3 Qc7 12. Bd3 b6 13. O-O a5 14. Qe2 g6 15.
Nd4 Nxd4 16. cxd4 Bb7 17. Rac1 Qc3 18. Rb1 a4 19. Bb5 Bc6 20. Bd3 O-O 21. Qf2
Qa5 22. Bd2 Qa7 23. Bb4 Rfe8 24. Qh4 Kg7 25. Be7 h5 26. Bf6+ Nxf6 27. exf6+ Kf8
28. Qg5 Reb8 29. f5 exf5 30. Rbe1 1-0

[Event "DSenMMdL 2018 65+"]
[Site "Templin"]
[Date "2018.09.12"]
[Round "3.3"]
[White "Fischer, Gerd"]
[Black "Ellenberg, Ekkehard"]
[Result "1/2-1/2"]
[WhiteElo "2071"]
[BlackElo "2014"]
[PlyCount "74"]
[EventDate "2018.??.??"]
[WhiteTeam "Bayern 2"]
[BlackTeam "Brandenburg"]

1. e4 c5 2. Nf3 Nc6 3. d4 cxd4 4. Nxd4 e5 5. Nf3 Nf6 6. Bd3 d5 7. Qe2 dxe4 8.
Bxe4 Nxe4 9. Qxe4 Be7 10. Nc3 f5 11. Qc4 e4 12. Nd2 Qd4 13. Nb5 Qb6 14. Nb3 a6
15. N5d4 Nxd4 16. Qxd4 Qxd4 17. Nxd4 Bf6 18. Ne2 Be6 19. c3 Rd8 20. Be3 Kf7 21.
Nd4 Rd5 22. O-O-O Rhd8 23. Nxe6 Rxd1+ 24. Rxd1 Rxd1+ 25. Kxd1 Kxe6 26. Kc2 g5
27. g3 h6 28. h3 h5 29. Kd2 h4 30. gxh4 f4 31. Bb6 gxh4 32. b3 Bg5 33. c4 Be7
34. Ke2 Kf5 35. Bd4 Ke6 36. Bb6 Kf5 37. Bd4 Ke6 1/2-1/2

[Event "DSenMMdL 2018 65+"]
[Site "Templin"]
[Date "2018.09.12"]
[Round "3.4"]
[White "Heckert, Klaus-Dieter"]
[Black "Gerl, Hans"]
[Result "1/2-1/2"]
[WhiteElo "2035"]
[BlackElo "2019"]
[PlyCount "87"]
[EventDate "2018.??.??"]
[WhiteTeam "Brandenburg"]
[BlackTeam "Bayern 2"]

1. e4 c5 2. Nc3 e6 3. g3 d5 4. exd5 exd5 5. Bg2 Nf6 6. Qe2+ Be7 7. Nf3 d4 8.
Ne4 O-O 9. O-O Nc6 10. d3 Re8 11. Re1 Bg4 12. Nxf6+ Bxf6 13. Qxe8+ Qxe8 14.
Rxe8+ Rxe8 15. Bf4 Re2 16. Ne1 Bd7 17. Kf1 Re8 18. a3 g5 19. Bd2 b6 20. Nf3 h6
21. Re1 Ne5 22. Nxe5 Bxe5 23. f4 gxf4 24. gxf4 Bf6 25. Rxe8+ Bxe8 26. Bd5 Kg7
27. Kg2 Bd7 28. Kf3 Bd8 29. Be1 h5 30. c3 Bf6 31. Ke2 Kf8 32. c4 Ke7 33. b4
Bg4+ 34. Bf3 Ke6 35. h3 Bxf3+ 36. Kxf3 Kf5 37. b5 Be7 38. a4 Bd6 39. Bd2 Be7
40. Be1 Bd8 41. Bd2 Bh4 42. a5 Bd8 43. a6 Bh4 44. Ba5 1/2-1/2

[Event "DSenMMdL 2018 65+"]
[Site "Templin"]
[Date "2018.09.12"]
[Round "3.1"]
[White "Liebert, Heinz"]
[Black "Salov, Sergej"]
[Result "1/2-1/2"]
[WhiteElo "2175"]
[BlackElo "2186"]
[PlyCount "20"]
[EventDate "2018.??.??"]
[WhiteTeam "Sachsen-Anhalt"]
[BlackTeam "Schleswig-Holstein 1"]

1. Nf3 c5 2. c4 g6 3. g3 Bg7 4. Bg2 Nc6 5. O-O e6 6. e3 Nge7 7. Nc3 O-O 8. d4
cxd4 9. Nxd4 Nxd4 10. exd4 d5 1/2-1/2